|
|
|
|
| LEADER |
00000nab a2200000 a 4500 |
| 001 |
vtls008184968 |
| 003 |
SK-MaSNL |
| 005 |
20260304220216.0 |
| 008 |
160322c20050624xo dr|p|||||||000 b|slo |
| 015 |
|
|
|a SNBRB2005/07
|2 snkbucl
|
| 038 |
|
|
|a SNKBUCL
|
| 040 |
|
|
|a SNKBUCL
|b slo
|c SNKBUCL
|e AACR2
|
| 041 |
0 |
|
|a slo
|
| 044 |
|
|
|a xo
|c SK
|
| 080 |
|
|
|a 796.332.071
|2 UDC-MRF-SK2
|
| 100 |
1 |
|
|a Šurin, Peter
|4 ivr
|9 571511
|
| 245 |
1 |
0 |
|a Verím si, to mi je vlastné
|b Ľubomír Moravčík vidí svoju budúcnosť vo futbale a na pozícii trénera
|
| 300 |
|
|
|b Fotogr.
|
| 600 |
1 |
7 |
|a Moravčík, Ľubomír,
|d 1965-
|2 snkbucl
|9 234799
|
| 700 |
1 |
|
|a Moravčík, Ľubomír,
|d 1965-
|4 ive
|9 234799
|
| 773 |
0 |
|
|t Šport
|g Roč. 59, č. 151 (30.6.2005), s. 8-9
|x 0139-7001
|
| 852 |
|
|
|a SNK
|b KIS3GCP
|
| 958 |
|
|
|a BX
|
| 999 |
|
|
|c 3150719
|d 3152649
|